000 00996nam a22002657a 4500
999 _c64621
_d64621
003 OSt
005 20240530110741.0
008 180923s2015 su a f b 000 0 ara d
017 _bالسعودية . مكتبة الملك فهد الوطنية
_a1436/53
020 _a9786035073318
040 _aEG-CaGPL
_cEG-CaGPL
082 0 4 _221
_a667.2
_bع أ
100 0 _aعبداللطيف حسن افندى
245 1 0 _aاحبار وملونات المخطوطات :
_bانواعها ومكوناتها /
_cتأليف عبداللطيف حسن افندى .
250 _aط.1
260 _aالرياض :
_bدار جامعة الملك سعود للنشر ،
_c2015 .
300 _a206 ص. :
_bايض ؛
_c24 سم.
504 _aيشتمل على ارجاعات ببليوجرافية
650 0 7 _aالاصباغ
_2qrmak
650 0 7 _aالحبر
_2qrmak
650 0 7 _aالمخطوطات
_2qrmak
651 _2qrmak
942 _2ddc
_cBK